Responses for Show #3822 - Tuesday, March 27, 2001

Contestants

[<< previous game]

Philip Hain, a marketing manager from Glendale, California

Brian McCullough, a writer from Fort Myers, Florida

Diane Woodson, a safety & human resources assistant from Chevy Chase, Maryland (whose 1-day cash winnings total $9,499)

[next game &gt;&gt;]

Jeopardy! Round responses

"NEW" GEOGRAPHY
WHO PLAYED 'EM?
TREE-VIA
WAY BACK ON AUGUST 1
FOOD FACTS
BODY LANGUAGE
    $100 1
New York City

Diane
    $100 7
Paul Newman

Diane
    $100 22
Bark

Diane
    $100 13
Slavery

Brian
    $100 6
(Philip: What is mu shu?)

doilies

Philip
Triple Stumper
    $100 12
The wrists

Brian
    $200 2
New Zealand

Brian
    $200 8
Paul Hogan

Brian
    $200 23
(P: What is a fir?)

Spruce

DianePhilip
    $200 14
Francis Scott Key

Philip
    $200 27
Cider mill

Triple Stumper
    $200 18
Shoulder

Philip
    $300 3
New Delhi

Diane
    $300 9
Edward G. Robinson

Philip
    $300 24
(B: What is a maple?)
(D: What is an oak?)

Beech

DianeBrian
Triple Stumper
    $300 15
Jerry Garcia

Brian
    $500 28
(D: What is Poland?)

Sweden

Diane
    $300 19
Nose

Brian
    $400 4
New Guinea

Brian
    $400 10
Meryl Streep

Philip
    $400 25
clearcutting

Brian
    $400 16
the Swiss Confederation

Brian
    $400 29
Tofurky

Triple Stumper
    $400 20
Living from hand to mouth

Triple Stumper
    $500 5
New South Wales

Diane
    $500 11
Michael Keaton

Philip
    $500 26
Banyan

Diane
    $500 17
(P: Who is Stanley?)

Dr. David Livingstone

Philip
Triple Stumper
    $500 30
Eskimos

Brian
    $500 21
Earmarked

Diane

Scores at the first commercial break (after clue 17):

Diane Brian Philip
$1,000 $1,700 $800

Scores at the end of the Jeopardy! Round:

Diane Brian Philip
$1,500 $2,600 $800

Double Jeopardy! Round responses

A MESS O' MESOPOTAMIA
SONG IN COMMON
(Alex: We'll name a couple of artists for you, you name the song (or songs) both have recorded)
HODGEPODGE
THE CABINET
WRITERS BY QUOTE
(Alex: We'll give you the quote)
"B.B."s
    $200 12
Alexander the Great

Diane
    $200 1
"American Pie"

Brian
    $200 11
Bird

Brian
    $200 21
Buffalo/bison

Brian
    $200 15
(B: Who is Winnie the Pooh?)
(Alex: We're looking for the writer.)

A.A. Milne

BrianPhilip
    $200 2
Billy Blanks

Philip
    $400 13
Money

Triple Stumper
    $400 3
"Proud Mary"

Philip
    $400 20
Banana

Diane
    $400 22
(B: Department of State)
(D: What is the State Department?)
(Alex: In the second round, you have to phrase it in the form of a question!)

Department of State

DianeBrian
    $400 16
Joel Chandler Harris

Philip
    $400 5
Beanie Babies

Diane
    $600 14
(B: What is Sanskrit?)

Cuneiform

Brian
Triple Stumper
    $600 4
"I Will Always Love You"

Brian
    $600 26
(B: What is curdling?)

Clotting

Brian
Triple Stumper
    $1,000 23
(D: What is Education?)

Agriculture

Diane
    $600 17
(Alex: And you know Tarzan spoke exactly that way!)

Edgar Rice Burroughs

Philip
    $600 6
Bill Buckner

Brian
    $800 27
Ziggurats

Brian
    $800 9
"The Greatest Love of All"

Philip
    $800 29
(D: What is Athens?)

Atlanta

DianeBrian
    $800 24
John Mitchell

Philip
    $800 18
Emma Lazarus

Philip
    $1,200 7
(B: I don't have any idea.)

Back Bay

Brian
    $1000 28
(D: Who is Nebuchadnezzar?)

Hammurabi

Diane
Triple Stumper
    $1000 10
"Say A Little Prayer"

Triple Stumper
    $1000 30
Pharos

Triple Stumper
    $1000 25
(and we have about a minute left in the round...)

Energy or Transportation

Diane
    $1000 19
Ambrose Bierce

Triple Stumper
    $1000 8
Busby Berkeley

Brian

Scores at the end of the Double Jeopardy! Round:

Diane Brian Philip
$1,100 $4,000 $5,000

[wagering suggestions for these scores]

Final Jeopardy! Round responses

BUSINESS HISTORY
(Alex: There was also a Dutch East India Company, among others, but we
needed British.)
DianeWhat is ?
$1,000
BrianWhat was the East India Tea Co.?
$3,800
PhilipWhat is Standard
$3,001
The British East India Company

Final scores:

Diane Brian Philip
$100 $200 $1,999
3rd place: VocoPro Digital Karaoke System 2nd place: Trip to Forest Inn Suites, Lake Tahoe New champion: $1,999

Game dynamics:

Coryat scores:

Diane Brian Philip
$2,600 $5,200 $5,000
13 R,
5 W
(including 2 DDs)
18 R,
6 W
(including 1 DD)
13 R,
3 W

Combined Coryat: $12,800

[game clues] [game scores] [suggest correction]

Game tape date: 2000-12-12
The J! Archive is created by fans, for fans. Scraping, republication, monetization, and malicious use prohibited; this site may use cookies and collect identifying information. See terms. The Jeopardy! game show and all elements thereof, including but not limited to copyright and trademark thereto, are the property of Jeopardy Productions, Inc. and are protected under law. This website is not affiliated with, sponsored by, or operated by Jeopardy Productions, Inc. Join the discussion at JBoard.tv.